[Event "Steinfurt Bezirksliga 1819"]
[Site "Germany"]
[Date "2019.03.16"]
[Round "8.8"]
[White "Li, David1111"]
[Black "Schal, Michael"]
[Result "1-0"]
[WhiteElo "1446"]
[BlackElo "840"]
[PlyCount "59"]
[EventDate "2018.09.01"]
[EventType "team-tourn"]
[EventRounds "10"]
[EventCountry "GER"]
[SourceTitle "EXT 2020"]
[Source "ChessBase"]
[SourceDate "2019.10.17"]
[SourceVersion "1"]
[SourceVersionDate "2019.10.17"]
[SourceQuality "1"]
[WhiteTeam "Emsdetten Rochade IV"]
[BlackTeam "Steinfurt II"]
[WhiteTeamCountry "GER"]
[BlackTeamCountry "GER"]

1. Nf3 Nc6 2. d4 d5 3. c4 e6 4. g3 Bd6 5. Bg2 Nf6 6. 0-0 0-0 7. Bg5 h6 8. Bd2 Ne4 9. c5 Nxd2 10. Qxd2 Be7 11. b4 b5 12. a4 a6 13. axb5 Nb8 14. Nc3 Nd7 15. Qd3 Nf6 16. bxa6 Ne4 17. b5 Nxc3 18. Qxc3 Ra7 19. Ne5 Bd7 20. Rfb1 f6 21. Nxd7 Qxd7 22. b6 cxb6 23. cxb6 Raa8 24. b7 Rab8 25. Qb3 Kh7 26. a7 Rxb7 27. Qxb7 Qxb7 28. Rxb7 Ra8 29. Rxe7 e5 30. Bxd5 1-0